000 00731nam a2200253Ia 4500
003 OSt
005 20220925180149.0
006 a|||||r|||| 00| 0
007 ta
008 220923b |||||||| |||| 00| 0 eng d
020 _a0674789946
037 _cGeneral Book
040 _aRTL
_cRTL
_beng
041 _2eng
_aeng
082 _aX9.730m5.N8, N0
100 _aChandler Alfred D
245 0 _aScale and scope
_bThe dynamics of industrial capital
260 _aCambridge
_bHarvard university press
_c1990
300 _axvi, 860p
_ccm.
500 _aAppendix p 631-732.
650 _aIndustrial Economics
942 _hX9.730m5.N8, N0
_cGB
_2CC
999 _c495851
_d495851